LIVING TO TELL THE TALE (Record no. 2418)
[ view plain ]
| 000 -LEADER | |
|---|---|
| fixed length control field | 00648nam a22001457a 4500 |
| 020 ## - INTERNATIONAL STANDARD BOOK NUMBER | |
| ISBN | 978-0-141-03257-3 |
| 082 ## - DEWEY DECIMAL CLASSIFICATION NUMBER | |
| Classification number | 823 |
| Item number | MAR/L |
| 100 ## - MAIN ENTRY--AUTHOR NAME | |
| Personal name | MARQUEZ,GABRIEL GARCIA |
| 245 ## - TITLE STATEMENT | |
| Title | LIVING TO TELL THE TALE |
| 260 ## - PUBLICATION, DISTRIBUTION, ETC. (IMPRINT) | |
| Place of publication | LONDON |
| Name of publisher | PENGUIN BOOKS |
| 300 ## - PHYSICAL DESCRIPTION | |
| Number of Pages | 484 |
| 520 ## - SUMMARY, ETC. | |
| Summary, etc | It focuses heavily on García Márquez's family, schooling, and early career as a journalist and short story writer, and includes references to numerous real-life events that ended up in his novels in one form or another, including the Banana massacre that appears prominently in One Hundred Years of Solitude and the ... |
| 650 ## - SUBJECT ADDED ENTRY--TOPICAL TERM | |
| Topical Term | NOVEL, ENGLISH |
| Geographic subdivision | LONDON |
| 942 ## - ADDED ENTRY ELEMENTS (KOHA) | |
| Koha item type | Books |
| Withdrawn status | Lost status | Collection code | Home library | Current library | Shelving location | Date acquired | Source of acquisition | Full call number | Accession Number | Koha item type |
|---|---|---|---|---|---|---|---|---|---|---|
| Fiction | Main Library | Main Library | SHELF-2-D ENGLIAH NOVELS FOR TEACHERS | 19/06/2010 | PURCHASE | 823 MAR/L | 05472 | Books |